|
|
|
|
| LEADER |
01023nam a2200301 4500 |
| 001 |
000015010 |
| 003 |
11381 |
| 005 |
20120518080537.0 |
| 008 |
120518s1983 viesd |
| 041 |
0 |
|
|a vie
|
| 082 |
|
|
|a 891.73
|b PR-X
|
| 100 |
0 |
|
|a X. Pro-ro-co-va
|
| 245 |
|
0 |
|a I-Li-a Rê-pin
|c X. Pro-ro-co-va
|
| 260 |
|
|
|a Matxcova, Liên Xô
|b Cầu Vồng
|c 1983
|
| 300 |
|
|
|a 702tr.
|c 19 cm
|
| 500 |
|
|
|a In theo bản dịch của Nhà xuất bản Văn hóa, Hà Nội
|
| 700 |
|
|
|a Đặng Đức Truyền
|e dịch
|
| 700 |
|
|
|a Trần Phú Thuyết
|e biên tập
|
| OWN |
|
|
|a LSP
|
| AVA |
|
|
|a UDN50
|b LSP
|d 891.73 PR-X
|e available
|t Error 5001 Not defined in file expand_doc_bib_avail.
|f 1
|g 0
|h N
|i 0
|k 1
|
| 999 |
|
|
|a From the UDN01
|
| AVA |
|
|
|a UDN50
|b LSP
|d 891.73 PR-X
|e available
|t Error 5001 Not defined in file expand_doc_bib_avail.
|f 1
|g 0
|h N
|i 0
|k 1
|
| TYP |
|
|
|a Monograph
|
| TYP |
|
|
|a Printed language
|
| 980 |
|
|
|a Mạng thư viện Đại học Đà Nẵng
|